[Event "4NCL Division 2b"]
[Site "Hinckley Island ENG"]
[Date "2014.03.22"]
[Round "7.86"]
[White "Altman, Joshua A"]
[Black "Anderton, David W"]
[Result "0-1"]
[WhiteElo "1650"]
[BlackElo "2190"]
[PlyCount "96"]
[EventDate "2014.03.22"]
[WhiteTeam "Barbican 4NCL Youth"]
[BlackTeam "The AD's"]

1. e4 e6 2. d4 d5 3. Nd2 Nc6 4. Ngf3 Nf6 5. e5 Nd7 6. Bd3 Nb4 7. Be2 c5 8. c3
Nc6 9. O-O g6 10. Nb3 cxd4 11. cxd4 Bg7 12. Be3 f6 13. exf6 Nxf6 14. Nc5 O-O
15. Ne5 Ne7 16. Bg5 b6 17. Ncd3 h6 18. Be3 Nd7 19. Nxd7 Bxd7 20. Ne5 Be8 21.
Bg4 Nf5 22. Bxf5 exf5 23. f4 Rc8 24. Rc1 Rxc1 25. Qxc1 Qd6 26. Qd2 Bd7 27. Rc1
Rc8 28. Rxc8+ Bxc8 29. Qc3 Bd7 30. Nxd7 Qxd7 31. Qb4 Qe6 32. Bf2 Qe4 33. g3
Qb1+ 34. Kg2 Qxa2 35. Qd6 Kh7 36. Qa3 Qxa3 37. bxa3 b5 38. Kf3 Bf8 39. a4 bxa4
40. Be1 Kg7 41. Ke3 Kf7 42. Bc3 Ke6 43. Ba1 Kd6 44. h4 Kc6 45. Kf3 h5 46. Ke3
Kb5 47. Kd3 Bb4 48. Kc2 Kc4 0-1

[Event "4NCL Division 2b"]
[Site "Hinckley Island ENG"]
[Date "2014.03.22"]
[Round "7.87"]
[White "Stockwell, Mark B"]
[Black "Keen, Cosima C"]
[Result "1-0"]
[WhiteElo "1977"]
[BlackElo "1733"]
[PlyCount "47"]
[EventDate "2014.03.22"]
[WhiteTeam "The AD's"]
[BlackTeam "Barbican 4NCL Youth"]

1. d4 d5 2. c4 e6 3. Nc3 Nf6 4. cxd5 exd5 5. Bg5 Be7 6. e3 c6 7. Bd3 O-O 8. Qc2
h6 9. Bh4 Re8 10. Nge2 Ng4 11. Bg3 Nf6 12. f3 Bd6 13. Bf2 a5 14. O-O Qc7 15. h3
Nbd7 16. e4 dxe4 17. fxe4 Bf8 18. e5 Nxe5 19. dxe5 Qxe5 20. Ng3 Qg5 21. Nce4
Nxe4 22. Nxe4 Qh5 23. Rae1 Bb4 24. Nf6+ 1-0